Grace, sopka pod ľadovcom monacká kňažná a hollywoodska herečka Grace Kellyová zahynula ...

Bibliographic Details
Main Author: Telepovská, Michaela (Author)
Format: Article
Language:Slovak
PhysicalDescription:Fotogr.
ISSN:1335-440X
Subjects:

MARC

LEADER 00000nab a2200000 ar4500
001 vtls009151555
003 SK-MaSNL
005 20260303063931.0
008 071019c20070914xo dr|p|||||||000 b|slo
015 |a SNBRB2007/10  |2 snkbucl 
040 |a SNKBUCL  |b slo  |c SNKBUCL  |e AACR2 
041 0 |a slo 
044 |a xo  |c SK 
080 |a 791.44.071.2  |2 2001 
080 |a 929 Grace, Kelly  |2 2001 
100 1 |a Telepovská, Michaela  |4 aut  |9 1032579 
245 1 0 |a Grace, sopka pod ľadovcom  |b monacká kňažná a hollywoodska herečka Grace Kellyová zahynula ...  |c Michaela Telepovská 
300 |b Fotogr. 
500 |a Od 15.1.2007 návrat k pôvodnému vročeniu 
600 1 7 |a Kelly, Grace,  |d 1929-1982  |2 snkbucl  |9 315978 
655 7 |a profily  |2 snkbucl  |9 341977 
773 0 |t Sme  |g Roč. 15, č. 212 (14.9.2007), s. 36  |x 1335-440X 
852 |a SNK  |b KIS3GCP 
958 |a US 
958 |a BC 
958 |a MC 
999 |c 1745021  |d 1746951